| 000 | 01182cas a22003257a 4500 | ||
|---|---|---|---|
| 005 | 20220329142127.0 | ||
| 008 | 990826d1978 cu qr pernn 0 uub1spa d | ||
| 010 | _a78850 | ||
| 011 | _a79822 | ||
| 022 | _a0138-8932 | ||
| 035 | _a90236 | ||
| 245 | 0 | 0 |
_aCiencia y Técnica en la Agricultura : _bProtección de Plantas _c/por Centro de Información y Divulgación Agropecuario |
| 260 | 0 |
_aLa Habana, Cuba : _bCentro de Información y Divulgación Agropecuario, _c1978- . |
|
| 300 | _av. | ||
| 310 | _aTrimestral | ||
| 362 | _av.13 n.3, 1990 | ||
| 500 | _aContiene resúmenes en inglés | ||
| 500 | _aSe dejó de recibir a partir del v.13 n.4, 1990. | ||
| 590 |
_aBATCH-UPD _b10 _c20130110 _lUCH01 _h0531 |
||
| 590 |
_aBATCH-UPD _b10 _c20130410 _lUCH01 _h0211 |
||
| 590 |
_aBATCH-UPD _b10 _c20130914 _lUCH01 _h1414 |
||
| 590 |
_aCONVERSION _b10 _c20130109 _lUCH01 _h1344 |
||
| 650 | 1 | 4 |
_aFitopatología _xPublicaciones periódicas. _941176 |
| 866 | _av.1 n.1-v.4 n.3 (1978-1981) | ||
| 866 | _av.12 n.1-v.13 n.4 (1989-1990) | ||
| 866 | _av.7 n.2,4 (1984) | ||
| 866 | _av.8 n.2-v.11 n.1 (1985-1988) | ||
| 901 | _aSE | ||
| 905 | _aMa. del Socorro Iturbe C. | ||
| 999 |
_c78850 _d78850 |
||